| 000 | 00706cam a22002053a 4500 | ||
|---|---|---|---|
| 001 | 43379 | ||
| 003 | PGUSA | ||
| 005 | 20140828084004.0 | ||
| 008 | 130802s2013||||xxu|||||s|||||000 | eng d | ||
| 040 |
_aPGUSA _beng |
||
| 042 | _adc | ||
| 100 | 1 | _aCook, D. J. | |
| 245 | 1 | 0 |
_aHands Up; or Thirty-Five Years of Detective Life in the Mountains and on the Plains : _bReminiscences by General D. J. Cook, Chief of the Rocky Mountains Detective Association _h[electronic resource] / _cD. J. Cook |
| 260 |
_bProject Gutenberg, _c2013 |
||
| 506 | _aPublic domain in the USA. | ||
| 516 | _aElectronic text | ||
| 830 | 0 |
_aProject Gutenberg _v43379 |
|
| 856 | 4 | 0 | _uhttp://www.gutenberg.org/ebooks/43379 |
| 942 | _cEB | ||
| 999 |
_c272630 _d272630 |
||